Countries Most Similar To East Timor - Statistics

General Stats
  • This quiz has been taken 37 times
  • The average score is 6 of 20
Answer Stats
Rank Country Score % Correct
3 Indonesia 63.1
91%
6 Papua New Guinea 62.1
83%
1 Philippines 64
70%
2 Vanuatu 63.8
57%
4 Solomon Islands 63.1
43%
5 Samoa 62.9
39%
16 Angola 57.1
30%
11 Cape Verde 58.7
30%
9 Haiti 58.9
30%
7 Madagascar 61
30%
10 Mozambique 58.9
26%
8 Guinea Bissau 60.2
22%
13 Nicaragua 57.9
17%
14 Equatorial Guinea 57.6
13%
15 Burundi 57.3
9%
19 El Salvador 56.9
9%
18 Malawi 57
9%
12 Rwanda 58.3
9%
17 Zambia 57
9%
20 Sierra Leone 56.9
4%
No matching quizzes found
Score Distribution
Percent of People with Each Score
Percentile by Number Answered
Your Score History
You have not taken this quiz